Datum a čas kvízu

24.5 Celkem bodů Celkový počet nahraných bodů na tomto kvízu bez doplňovacích otázek.
7. Pořadí na kvízu Konečné umístění týmu na tomto kvízu.

Zaznamenané odpovědi

# Otázka Odpověď Body Výsledky
1. Bourání dálničního mostu, kter... Hradec Králové, D11 1
2. Manželka premiéra jedné evrops... Boris Johnson 0
3. Prvok, Šampón, Tečka a Karel j... Patrik Hartl 0
4. Doplňte název první české přír... bučiny 0
5. Jak se jmenuje první český oly... Lukáš Rohan, stříbro 0.5
6. V tomto tématu se zaměříme na... Cyril Höschl 0
7. V populaci se jako druhé nejča... obsedantně kompulzivní 1
8. Lék ze skupiny benzodiazepinů... Xanax 1
9. Duševní poruchou, při níž se s... Stella Zázvorková 0
10. Lithium se používá v psychiatr... 1991 (Uznáváme 1989–93.) 1